000 00297nam a22001337a 4500
008 210226b ||||| |||| 00| 0 eng d
020 _a0397473753
041 _aeng
080 _24th
_a159.9
100 _a48
101 _aPSI
245 _aThe Great Psychologists
_cWatson,I.R
942 _2udc
_cBK
999 _c55308
_d55308